000 00414 a2200145 4500
999 _c9425
_d9425
020 _a9781485101048
050 _aKF8915LOC2014
100 _aLochner Hendrik Thomas
_eauthor
245 _aTaking effective witness statements /
_cHendrik Thomas Lochner
264 _aClaremont :
_bJuta,
_c2014
300 _a149p. :
500 _aincludes index
650 _acriminal investigation
942 _2lcc
_cBK
_h89115
_iLOC
_kKF